| 000 | 00689nam a22002057a 4500 | ||
|---|---|---|---|
| 005 | 20140704113129.0 | ||
| 010 | _aENG-109849 | ||
| 020 |
_a9788120349353 _c325.00 |
||
| 035 | _aEN-93382 | ||
| 037 | _bDBAD/PUB | ||
| 082 | _a621.3813 | ||
| 100 | _aSanjay Kumar | ||
| 245 | 0 | 0 |
_aConcepts and application of microwave engineering / _cby Sanjay Kumar [and] Saurabh Shukla |
| 260 |
_aNew Delhi _bPHI Learing _c2014 |
||
| 270 |
_aRimjhim House,111, Patparganj Industrial Estate _bNew Delhi _e110092 |
||
| 300 |
_axviii,336p. : _c24cm(pbk) _bill. |
||
| 500 | _aIncludes bibliographical references and index | ||
| 700 | _aShukla, Saurabh | ||
| 942 |
_2ddc _cEN _mSAN _h621.3813 |
||
| 999 |
_c83961 _d83961 |
||